<?xml version="1.0" encoding="UTF-8"?><?xml-stylesheet type="text/xsl" href="static/style.xsl"?><OAI-PMH xmlns="http://www.openarchives.org/OAI/2.0/" xmlns:xsi="http://www.w3.org/2001/XMLSchema-instance" xsi:schemaLocation="http://www.openarchives.org/OAI/2.0/ http://www.openarchives.org/OAI/2.0/OAI-PMH.xsd"><responseDate>2026-04-14T04:43:55Z</responseDate><request verb="GetRecord" identifier="oai:www.recercat.cat:20.500.12328/1195" metadataPrefix="marc">https://recercat.cat/oai/request</request><GetRecord><record><header><identifier>oai:recercat.cat:20.500.12328/1195</identifier><datestamp>2025-05-20T00:04:29Z</datestamp><setSpec>com_2072_67741</setSpec><setSpec>col_2072_484352</setSpec></header><metadata><record xmlns="http://www.loc.gov/MARC21/slim" xmlns:dcterms="http://purl.org/dc/terms/" xmlns:xsi="http://www.w3.org/2001/XMLSchema-instance" xmlns:doc="http://www.lyncode.com/xoai" xsi:schemaLocation="http://www.loc.gov/MARC21/slim http://www.loc.gov/standards/marcxml/schema/MARC21slim.xsd">
   <leader>00925njm 22002777a 4500</leader>
   <datafield ind2=" " ind1=" " tag="042">
      <subfield code="a">dc</subfield>
   </datafield>
   <datafield ind2=" " ind1=" " tag="720">
      <subfield code="a">Guiu Tula, Francesc Xavier</subfield>
      <subfield code="e">author</subfield>
   </datafield>
   <datafield ind2=" " ind1=" " tag="720">
      <subfield code="a">Cabanas-Valdés, Rosa María</subfield>
      <subfield code="e">author</subfield>
   </datafield>
   <datafield ind2=" " ind1=" " tag="720">
      <subfield code="a">Sitjà Rabert, Mercè</subfield>
      <subfield code="e">author</subfield>
   </datafield>
   <datafield ind2=" " ind1=" " tag="720">
      <subfield code="a">Urrútia, Gerard</subfield>
      <subfield code="e">author</subfield>
   </datafield>
   <datafield ind2=" " ind1=" " tag="720">
      <subfield code="a">Gómara Toldrà, Natàlia</subfield>
      <subfield code="e">author</subfield>
   </datafield>
   <datafield ind2=" " ind1=" " tag="260">
      <subfield code="c">2017-12</subfield>
   </datafield>
   <datafield ind2=" " ind1=" " tag="520">
      <subfield code="a">Introduction Proprioceptive neuromuscular facilitation&#xd;
(PNF) is a widely used rehabilitation concept, although its&#xd;
efficacy has not yet been demonstrated in stroke survivors.&#xd;
The aim of this systematic review is to identify, assess and&#xd;
synthesise the potential benefits of using PNF to improve&#xd;
the activities of daily living (ADL) and quality of life (QoL) of&#xd;
individuals with stroke.&#xd;
Methods and analysis A systematic electronic search&#xd;
will be conducted in MEDLINE, Embase, CENTRAL and&#xd;
PEDro. We will include randomised or quasi-randomised&#xd;
controlled trials of PNF interventions conducted in stroke&#xd;
survivors up to April 2017. Two review authors will&#xd;
independently select relevant studies and will extract&#xd;
data using the Cochrane handbook for systematic reviews&#xd;
of interventions approach and the Preferred Reporting&#xd;
Items for Systematic Review and Meta-Analysis Protocols&#xd;
(PRISMA-P). The methodological quality will be assessed&#xd;
by using the PEDro scale. Finally, with the permitted&#xd;
numeric data, we will carry out a meta-analysis.&#xd;
Ethics and dissemination Ethical considerations will not&#xd;
be required. Results will be disseminated in a peer-review&#xd;
journal. This systematic review aims to examine the effects&#xd;
of PNF (neurophysiological approach) in order to clarify&#xd;
its efficacy in improving ADL and QoL in the rehabilitation&#xd;
process of stroke survivors.</subfield>
   </datafield>
   <datafield ind1="8" ind2=" " tag="024">
      <subfield code="a">Guiu-Tula, Francesc Xavier; Cabanas-Valdés, Rosa; Sitjà-Rabert, Mercè; Urrútia, Gerard; Gómara-Toldrà, Natàlia. «The Efficacy of the proprioceptive neuromuscular facilitation (PNF) approach in stroke rehabilitation to improve basic activities of daily living and quality of life: a systematic review and meta-analysis protocol». BMJ Open, 2017, vol. 7, núm. 12. Disponible en: &lt;https://bmjopen.bmj.com/content/7/12/e016739>. Fecha de acceso: 22 jul. 2019. https://doi.org/10.1136/bmjopen-2017-016739</subfield>
   </datafield>
   <datafield ind1="8" ind2=" " tag="024">
      <subfield code="a">2044-6055</subfield>
   </datafield>
   <datafield ind1="8" ind2=" " tag="024">
      <subfield code="a">http://hdl.handle.net/20.500.12328/1195</subfield>
   </datafield>
   <datafield ind1="8" ind2=" " tag="024">
      <subfield code="a">https://doi.org/10.1136/bmjopen-2017-016739</subfield>
   </datafield>
   <datafield tag="653" ind2=" " ind1=" ">
      <subfield code="a">Qualitat de vida</subfield>
   </datafield>
   <datafield tag="653" ind2=" " ind1=" ">
      <subfield code="a">Quality of life</subfield>
   </datafield>
   <datafield tag="653" ind2=" " ind1=" ">
      <subfield code="a">Calidad de vida</subfield>
   </datafield>
   <datafield tag="653" ind2=" " ind1=" ">
      <subfield code="a">Hemiplègia</subfield>
   </datafield>
   <datafield tag="653" ind2=" " ind1=" ">
      <subfield code="a">Hemiplegia</subfield>
   </datafield>
   <datafield tag="653" ind2=" " ind1=" ">
      <subfield code="a">Hemiplejia</subfield>
   </datafield>
   <datafield tag="653" ind2=" " ind1=" ">
      <subfield code="a">PNF</subfield>
   </datafield>
   <datafield ind2="0" ind1="0" tag="245">
      <subfield code="a">The Efficacy of the proprioceptive neuromuscular facilitation (PNF) approach in stroke rehabilitation to improve basic activities of daily living and quality of life: a systematic review and meta-analysis protocol</subfield>
   </datafield>
</record></metadata></record></GetRecord></OAI-PMH>